| 000 | 00565nam a2200181Ia 4500 | ||
|---|---|---|---|
| 008 | 090124s9999 xx 000 0 und d | ||
| 082 | _b29233 | ||
| 100 | _aपंडित बाळ ज. | ||
| 245 | _a कसोटीचे क्षण | ||
| 250 | _a0 | ||
| 260 |
_bअंजली पल्बिशिंग हाऊस _c1990 |
||
| 300 | _a165 | ||
| 600 | _aपंडित बाळ ज. | ||
| 630 | _a कसोटीचे क्षण | ||
| 700 | _aपंडित बाळ ज. | ||
| 730 | _a कसोटीचे क्षण | ||
| 942 | _cBOOK | ||
| 999 |
_c94795 _d94795 |
||